000 00243nam a2200097Ia 4500
001 646778
005 20250826153649.0
008 250824s9999 xx 000 0 und d
245 0 _aŞİŞEDEKİ MEKTUP
_cTHOMAS MONTASSER
260 _bTİMAŞ ÇOCUK
999 _c646778
_d646778